[Event "Muensterland Verbandsklasse-B 0405"]
[Site "Muensterland"]
[Date "2004.11.06"]
[Round "3.6"]
[White "Emming, Benedikt"]
[Black "Schemann, Bernhard"]
[Result "1/2-1/2"]
[WhiteElo "1757"]
[BlackElo "1909"]
[PlyCount "67"]
[EventDate "2004.09.11"]
[EventType "team"]
[EventRounds "9"]
[EventCountry "GER"]
[SourceTitle "EXT 2006"]
[Source "ChessBase"]
[SourceDate "2005.11.24"]
[SourceVersion "1"]
[SourceVersionDate "2005.11.24"]
[SourceQuality "1"]
[WhiteTeam "Suedlohn II"]
[BlackTeam "Telgte"]
[WhiteTeamCountry "GER"]
[BlackTeamCountry "GER"]

1. e4 e5 2. Nf3 Nc6 3. Bb5 a6 4. Ba4 Nf6 5. 0-0 Nxe4 6. Re1 Nc5 7. Bxc6 dxc6 8. Nxe5 Be7 9. d4 Ne6 10. c3 0-0 11. Nd2 c5 12. dxc5 Bxc5 13. Ndf3 Qxd1 14. Rxd1 Rd8 15. Rxd8+ Nxd8 16. Nd3 Bb6 17. Bd2 Nc6 18. Re1 Be6 19. Nc1 Rd8 20. Be3 Bd5 21. Bxb6 cxb6 22. Rd1 Bxf3 23. Rxd8+ Nxd8 24. gxf3 Ne6 25. Nd3 Nc5 26. Nxc5 bxc5 27. c4 g5 28. f4 h6 29. fxg5 hxg5 30. f4 g4 31. Kg2 f5 32. a4 b6 33. h3 gxh3+ 34. Kxh3 1/2-1/2